| 000 | 00570nam a22002297a 4500 | ||
|---|---|---|---|
| 003 | UA-OsUOA | ||
| 001 | 85473 | ||
| 007 | ta | ||
| 008 | 20120702b un ||||| |||| 00| 0 ukr d | ||
| 090 |
_a159.925.8 _bЯ41 |
||
| 942 | _cBK | ||
| 040 |
_aUA-OsUOA _brus _cUA-OsUOA _dUA-OsUOA |
||
| 245 |
_aЯзык телодвижений _cПиз А. |
||
| 300 | _a187 с. | ||
| 955 | _a2 | ||
| 041 | _arus | ||
| 080 | _a159.925.8 | ||
| 020 | _a5-86413-017-5 | ||
| 260 |
_aСПб _bИД Гутенберг _c2000 |
||
| 650 | 7 |
_a159.9 Психологія _2UDC |
|
| 999 |
_c371774 _d371774 |
||